| 000 | 00524nam a2200169Ia 4500 | ||
|---|---|---|---|
| 999 |
_c32260 _d32260 |
||
| 003 | GCL | ||
| 005 | 20240530102437.0 | ||
| 008 | 140319s9999 xx 000 0 ara d | ||
| 040 |
_aGCL / _cGCL |
||
| 082 | 0 | 4 |
_a220 _bن م |
| 100 | 0 | _aنصر حامد ابوزيد | |
| 245 | 1 | 0 |
_aمفهوم النص دراسة فى علوم القران / _cنصر حامد ابوزيد |
| 260 |
_a[S.N] : _bالمركز الثقافى العربى ، _c1990 |
||
| 300 | _a318 | ||
| 650 | 0 | 4 | _aالقران والعلم |
| 942 |
_2ddc _cBK |
||